00424 a2200121 4500001001000000005001700010008004100027245008700068100002000155700001800175773009200193999001700285ART_4513220260410162039.0260409a 10aTrayectoria reciente y perspectivas futuras de la industria naval pesada argentina1 aFrassa, Juliana1 aRusso, Cintia0 tRevista de estudios regionales y mercado de trabajog- NÂș 8 (ene./dic. 2012)wREV44894 c34687d34687